Biggest City in Every African River Basin - Statistics

General Stats
  • This quiz has been taken 92 times
    84 since last reset
  • The average score is 11 of 13
Answers on the Map
Answers color-coded by a green-red scale on the quiz's map according to % correct below.
 
Answer Stats
Basin Pop. City % Correct
Nile 23 mil Cairo
100%
Congo 16 mil Kinshasa
99%
Orange 15 mil Johannesburg
97%
Limpopo 15 mil Johannesburg
97%
Niger 5.7 mil Bamako
90%
Awash 4.8 mil Addis Ababa
89%
Yobe 5.4 mil Kano
88%
Zambezi 3.0 mil Lusaka
85%
Gambia 1.2 mil Banjul
82%
Sanaga 4.0 mil Yaoundé
79%
Chari 2.0 mil N'Djamena
78%
Volta 3.4 mil Ouagadougou
78%
Barka 1.1 mil Asmara
65%
No matching quizzes found
Score Distribution
Percent of People with Each Score
Percentile by Number Answered
Your Score History
You have not taken this quiz since the last reset